[Event "THA-chT Rapid"]
[Site "Bangkok"]
[Date "2021.12.14"]
[Round "7.4"]
[White "Ngamdeethae, Wimok"]
[Black "Silva, Winston Joseph R"]
[Result "0-1"]
[WhiteElo "1114"]
[BlackElo "1933"]
[PlyCount "58"]
[EventDate "2021.12.13"]
[EventType "team-swiss (rapid)"]
[EventRounds "9"]
[EventCountry "THA"]
[SourceTitle "CBM 205 Extra"]
[Source "ChessBase"]
[SourceDate "2022.01.31"]
[SourceVersion "1"]
[SourceVersionDate "2022.01.31"]
[SourceQuality "1"]
[WhiteTeam "Chiang Mai"]
[BlackTeam "Double Bishop"]
[WhiteTeamCountry "THA"]
[BlackTeamCountry "THA"]

1. d4 Nf6 2. c4 g6 3. Nc3 Bg7 4. e4 d6 5. Nf3 0-0 6. Be2 e5 7. d5 Nh5 8. 0-0 Nf4 9. Be3 f5 10. Qc2 Nxe2+ 11. Qxe2 fxe4 12. Nxe4 Bg4 13. Neg5 h6 14. Ne6 Bxe6 15. dxe6 Qe7 16. Qd2 Kh7 17. Rac1 Qxe6 18. b3 Nc6 19. Rfe1 Rf7 20. Bd4 Qg4 21. h3 Qh5 22. Be3 Raf8 23. Nh2 Qf5 24. Rf1 Qe6 25. Ng4 h5 26. Nh2 a6 27. Nf3 Rxf3 28. gxf3 Qxh3 29. Rfe1 Rxf3 0-1